| 000 | 02414nam a2200517 c 4500 | ||
|---|---|---|---|
| 003 | BLK | ||
| 005 | 20191216173240.0 | ||
| 008 | 180410b bul|||||r ||||||| ||bul|| | ||
| 010 | _aKNG00156319000 | ||
| 020 |
_a978-954-09-0539-6 _bиздат.: Захарий Стоянов |
||
| 040 | _aBLK | ||
| 041 |
_aBUL _cBUL |
||
| 072 | 7 |
_2bullib _aН10 _xФилософия Н |
|
| 080 |
_aОбщи работи. Философски науки в цялост _b101 _x(430)(081) _z101(430)(081) |
||
| 080 |
_aПсихоанализа _b159.964.2 _x(436)(092) _z159.964.2(436)(092) |
||
| 080 |
_aАвстрийски психолог и психиатър _b929 Фройд, Зигмунд _x _z929 Фройд, Зигмунд |
||
| 100 | 1 |
_aФром, Ерих _eпърви автор _9135079 |
|
| 700 | 1 |
_aАнгелов, Росен Петров _eсъстав. и прев. на том _9380511 |
|
| 139 |
_aФром, Ерих _bФ 85 |
||
| 245 | 1 | 0 |
_aСъчинения _bВ 11 т. _cЕрих Фром; състав. и прев. на том Росен Петров Ангелов. _nТ. 4 _pМисълта на Фройд - величие и ограничения |
| 257 | _aDEU | ||
| 260 |
_аСофия _bЗахарий Стоянов _c2006 - _fСофия : Лито Балкан |
||
| 300 | _c22 см | ||
| 380 | _a1 | ||
| 490 | 1 | _aПоредица Философия и човек | |
| 500 | _aКор. опис. - Прев. по: Greatness and limitations of Freud's thought ; Sigmund Freud's mission ; The crisis of psychoanalysis / Erich From | ||
| 505 |
_g _r _tМисията на Зигмунд Фройд |
||
| 505 |
_g _r _tКризата на психоанализата |
||
| 600 | 1 | 4 |
_aФройд, Зигмунд _9244303 |
| 650 | 4 |
_aФилософия, съвременна _9254592 |
|
| 650 | 4 |
_aПсихоанализа _9168303 |
|
| 650 | 4 |
_aФройдизъм _9176215 |
|
| 650 | 4 |
_aФройд, Зигмунд _9244303 |
|
| 651 | 4 |
_aГермания _9178754 |
|
| 651 | 4 |
_aАвстрия _9245450 |
|
| 653 | _aфройдизъм | ||
| 653 | _aпсихоанализа | ||
| 653 | _aЗигмунд Фройд | ||
| 659 | _aН | ||
| 760 | 1 |
_aФром, Ерих _d2012 _h592 с. _tТ. 4 Мисълта на Фройд - величие и ограничения |
|
| 852 | _aЦб 235517 | ||
| 856 | 4 |
_qpdf _u |
|
| 856 | 4 |
_qpdf _u |
|
| 942 |
_cKNG _n0 _04 |
||
| 944 |
_aCR _c05.02.2014 _kГеновева_Генчева |
||
| 944 |
_aED _c10.06.2016 _kГеновева_Генчева |
||
| 999 |
_c150011 _d150011 |
||